<?xml version="1.0" encoding="UTF-8"?>
<collection xmlns="http://www.loc.gov/MARC21/slim">
  <record>
    <leader>00000nam  2200000   4500</leader>
    <controlfield tag="001">INLIS000000000002986</controlfield>
    <controlfield tag="005">20190227113647</controlfield>
    <datafield tag="035" ind1="#" ind2="#">
      <subfield code="a">0010-0718002986</subfield>
    </datafield>
    <controlfield tag="008">190227################g##########0#eng##</controlfield>
    <datafield tag="041" ind1=" " ind2=" ">
      <subfield code="a">en</subfield>
    </datafield>
    <datafield tag="082" ind1="#" ind2="#">
      <subfield code="a">027.4</subfield>
    </datafield>
    <datafield tag="090" ind1=" " ind2=" ">
      <subfield code="a">027.4 Joe n</subfield>
    </datafield>
    <datafield tag="100" ind1=" " ind2="#">
      <subfield code="a">Joeckel, Carleton B.</subfield>
    </datafield>
    <datafield tag="700" ind1=" " ind2="#">
      <subfield code="a">Winslow, Amy</subfield>
    </datafield>
    <datafield tag="245" ind1="1" ind2="#">
      <subfield code="a">A National Plan for Public Library Service /</subfield>
      <subfield code="c">Carlton B. Joekel</subfield>
    </datafield>
    <datafield tag="250" ind1="#" ind2="#">
      <subfield code="a">Ed. 1, Cet. 2</subfield>
    </datafield>
    <datafield tag="260" ind1="#" ind2="#">
      <subfield code="a">Chicago :</subfield>
      <subfield code="b">American Library Association,</subfield>
      <subfield code="c">1948</subfield>
    </datafield>
    <datafield tag="300" ind1="#" ind2="#">
      <subfield code="a">xiii; 168 hlm. :</subfield>
      <subfield code="b">ilus ;</subfield>
      <subfield code="c">23 cm</subfield>
    </datafield>
    <datafield tag="500" ind1="#" ind2="#">
      <subfield code="a">The book change the course of the Public Library Movement in North America. In particular, it can hasten the day when there will be no millions without good local public library service. But the book will not do it unaided. From here on the success of this planning effort will rest primarily with the state library organizations and library extension agencies.</subfield>
    </datafield>
    <datafield tag="650" ind1=" " ind2="#">
      <subfield code="a">perpustakaan umum</subfield>
    </datafield>
    <datafield tag="084" ind1="#" ind2="#">
      <subfield code="a">027.4 Joe a</subfield>
    </datafield>
    <datafield tag="856" ind1="#" ind2="#">
      <subfield code="a">Perpustakaan Lembaga Administras Negara</subfield>
    </datafield>
  </record>
</collection>
